Sports Quiz

Random Sports or Nintendo Quiz

2009 Minnesota Vikings Quiz Stats

 Plays Quiz not verified by Sporcle

Challenge
Share
Tweet
Embed
Score 0/8 Timer 03:00
0 Plays Today
Fact Answer % Correct
Rushing Yards LeaderAdrian Peterson
98.9%
Starting QuarterbackBrett Favre
98.4%
CoachBrad Childress
97.3%
Receiving Yards LeaderSidney Rice
95.7%
DivisonNFC North
94.7%
Record12-4
94.1%
StadiumHubert H. Humphrey Metrodome
91.5%
Team OwnerZygi Wilf
75%

You're not logged in!

Compare scores with friends on all Sporcle quizzes.
Join for Free
OR
Log In

You Might Also Like...

Show Comments

Extras

Created Feb 10, 2010ReportNominate
Tags:Nintendo Quiz, 2009, minnesota, viking

Top Quizzes Today


Score Distribution

Your Account Isn't Verified!

In order to create a playlist on Sporcle, you need to verify the email address you used during registration. Go to your Sporcle Settings to finish the process.

Report this User

Report this user for behavior that violates our Community Guidelines.

Details: